Statistics for Most Popular Social Networking Sites

Click here to take the quiz!

General Stats

  • This quiz has been taken 57 times
  • The average score is 6 of 15

Answer Stats

Monthly VisitersSocial Networking Site% Correct
1,500,000,000facebook
100%
400,000,000Twitter
91%
275,000,000Instagram
87%
110,000,000Tumblr
49%
1,499,000,000Youtube
47%
250,000,000Linkedin
43%
10,000,000myspace
40%
105,000,000Pinterest
34%
125,000,000Reddit
23%
100,000,000Google Plus
19%
80,000,000Flickr
15%
120,000,000VK
4%
40,000,000Ask.fm
2%
42,000,000meetup
2%
37,000,000LiveJournal
0%

Score Distribution

Percentile by Number Answered

Percent of People with Each Score

Your Score History

You have not taken this quiz